| 000 | 00688nam a2200217 i 4500 | ||
|---|---|---|---|
| 001 | bg | ||
| 100 | 1 | _aRĄCZKA, Jan | |
| 245 | 1 | 0 |
_aOdlewnictwo / _cJan Rączka, Adam Tabor, Zygmunt Haduch ; Politechnika Krakowska im. Tadeusza Kościuszki. |
| 260 |
_aKraków : _bPK, _c1984. |
||
| 300 |
_a352 s., [2] k. tabl. złoż. : _brys., wykr. ; _c24 cm. |
||
| 521 | _aSkrypt dla studentów wyższych szkół technicznych i studiów zaocznych. | ||
| 650 | 9 | _aOdlewnictwo | |
| 655 | _aPodręczniki akademickie | ||
| 700 | 1 | _aTABOR, Adam | |
| 700 | 1 | _aHADUCH, Zygmunt | |
| 040 | _cBPK | ||
| 041 | 0 | _apl | |
| 080 | _a621.74(075.8) | ||
| 942 | _cKS | ||
| 008 | s pl f |000 0 pol | ||
| 999 |
_c2605 _d2605 |
||
| 856 |
_uhttp://koha.tu.koszalin.pl/cgi-bin/koha/opac-detail.pl?biblionumber=2605 _yKatalog online BPK |
||